Quizzes
Events
Quiz Creation
Community
Videos
Private Events
Remove Ads
Sign In
Join for FREE
Feedback
Dark Mode
Quiz Categories
Sports
Geography
Music
Movies
Television
Just For Fun
Miscellaneous
History
Literature
Language
Science
Gaming
Entertainment
Religion
Holiday
For Kids
Quiz Lab
Recent
Popular Today
Quiz Kudos Today
Editor Picks
Curator Picks
Quizzes by...
Day
Popularity
Type
Ratings
Length
Year
Community
Subscriptions
Recent Discussions
Orange Saloon
Badges
Playlists
Quests
Create
Leaderboards
Showdown
Live 5
Trivia Bingo
Activity
Puzzle Library
Sporcle Events
Private Events
Virtual Trivia
Globe League
Become a Host
Pub Owners
SporcleCon
Opinionation
Our Games
Videos
Blog
Mobile Apps
Partnerships
Remove Ads and Go Orange
Feedback
Miscellaneous
Crossword
General Knowledge
Baby Names
Logo
Food
Cars
Numbers
Grab Bag
University
College
Popular
Company
Slogans
Restaurants
Justice
Letter
Miscellaneous
Crossword
General Knowledge
Baby Names
Logo
Food
Cars
Numbers
Grab Bag
University
College
Popular
Company
Slogans
Restaurants
Justice
Letter
Random Quiz
Search Sporcle
×
Quiz Lab
Quiz Lab
Miscellaneous
station
Type in answers that appear in a list
Type in answers that appear in a list
Classic
Best Score? Go Orange.
Vancouver SkyTrain Stations Stats
Can you name the Vancouver SkyTrain stations?
By
Tats
10m
53 Questions
1,336 Plays
1,336 Plays
1,336 Plays
Comments
Comments
Give Quiz Kudos
Give Quiz Kudos
-
- Ratings
hide this ad
Replay
Link that replays current quiz
Next Quiz
Link to next quiz in quiz playlist
You Got
0%
They Got
Avg Score
63%
Avg Friend Score
Upgrade to see
Score Distribution
Jump to the score distribution portion of the page
Score
0/53
Timer
10:00
0
Plays Today
SkyTrain Line
The next station is...
% Correct
Expo Line
Waterfront
94.1%
Canada Line
YVR-Airport
89.3%
Expo Line
Commercial-Broadway
89%
Expo Line
Granville
88%
Expo Line
Stadium-Chinatown
87.4%
Expo Line
Burrard
87.2%
Expo Line
Main Street-Science World
85.7%
Expo Line
Metrotown
85%
Canada Line
Broadway-City Hall
82.3%
Canada Line
Vancouver City Centre
81.9%
Canada Line
Richmond-Brighouse
81%
Expo Line
King George
78%
Expo Line
New Westminster
77.2%
Expo Line
Joyce-Collingwood
75.5%
Canada Line
Yaletown-Roundhouse
74.9%
Millennium Line
VCC-Clark
74.8%
Expo Line
Nanaimo
72.4%
Expo Line
Surrey Central
72.2%
Canada Line
Olympic Village
70%
Canada Line
Langara-49th Avenue
68.3%
Millennium Line
Lougheed Town Centre
68.1%
Millennium Line
Coquitlam Central
68.1%
Canada Line
Oakridge-41st Avenue
67%
Expo Line
Patterson
66.7%
Expo Line
29th Avenue
66.3%
Expo Line
Columbia
66.3%
Canada Line
Bridgeport
65.9%
SkyTrain Line
The next station is...
% Correct
Canada Line
King Edward
65%
Canada Line
Marine Drive
64.3%
Millennium Line
Production Way-University
64%
Expo Line
22nd Street
63.7%
Millennium Line
Burquitlam
62.5%
Expo Line
Edmonds
61.6%
Millennium Line
Lafarge Lake-Douglas
61.1%
Millennium Line
Renfrew
60.7%
Expo Line
Scott Road
60.1%
Millennium Line
Rupert
60.1%
Millennium Line
Braid
59.9%
Millennium Line
Brentwood Town Centre
59.8%
Expo Line
Royal Oak
59.2%
Canada Line
Aberdeen
58.8%
Millennium Line
Sapperton
56.4%
Expo Line
Gateway
52.6%
Millennium Line
Moody Centre
52.4%
Millennium Line
Sperling-Burnaby Lake
50.5%
Millennium Line
Holdom
50.2%
Canada Line
Templeton
49.2%
Canada Line
Lansdowne
48.9%
Millennium Line
Lake City Way
45.7%
Canada Line
Sea Island Centre
45.6%
Millennium Line
Gilmore
45.2%
Millennium Line
Lincoln
45.1%
Millennium Line
Inlet Centre
43.5%
Quiz Playlist
Details
Report
Send in Message
Add To Playlist
Classic:
Type in answers that appear in a list
Last Updated: Feb 16, 2017
Quiz Scoreboard
CHALLENGE
Sign Up to Join the Scoreboard
Show All
Scores
Hide
Comments
May contain spoilers
Recently Published
TV Characters by Other Roles V
by ghcgh
Television
5m
Decade Duel: World Leaders
by jenniferyan
History
4m
Alphabetical 'K' Countries by Flag Minefield
by ylime102
Geography
3m
More to Explore
Quiz From the Vault
Featured Blog Post
15 Basketball Trivia Facts You Can Be March Mad About
hide this ad
You Might Also Like...
Tags
Next
station
Vancouver
Today's Top Quizzes in Miscellaneous
Browse Miscellaneous
hide this ad
Today's Top Quizzes in station
Browse station
Top Contributed Quizzes in Miscellaneous
1
The JOE quick-fire general knowledge quiz: Day 166
2
The JOE quick-fire general knowledge quiz: Day 167
3
Spring Months consonants
4
The JOE quick-fire general knowledge quiz: Day 165
5
Pick 6: Supreme Pizza
6
Four Seasons
7
Pick 6: Vegetables
8
Pick 6: University Mascots
9
Guess the 'S' Things in 3 Words
10
The JOE quick-fire general knowledge quiz: Day 164
Explore More
Trending Topics
NBA
Disney
Marvel
Harry Potter
Crossword
Kpop
Anime
Soccer
Song
NFL
Pokémon
The Office
Puzzle
Country
WWE
hide this ad
More By:
Tats
Quiz
Plays
Rating
Category
Featured
Created
One Name Singers (A-Z)
140,877
2.75
Music
Jan 14, 2010
Celebrity by Scandal
129,737
3.86
Entertainment
Aug 13, 2010
American Idol Judges
55,946
4.04
Television
Nov 17, 2010
Celebrity Authors by Books
51,126
3.61
Literature
Oct 6, 2009
Actors in TV & Film II
20,638
4.35
Entertainment
Nov 1, 2009
Go to Creator's Profile
Score Distribution
Quiz Creator Spotlight
Tats
Follow
Send a Message
Quizzes Created
-
Created Quiz Play Count
-
More By This Creator
Popular Quizzes Today
1
Countries of Asia Without Outlines Minefield
2
Find the US States - No Outlines Minefield
3
Pick 6: Fruits
4
The Countries of the World
5
Find the Countries of Europe - No Outlines Minefield
6
Alphabetical 'K' Countries by Flag Minefield
7
Find the US States
8
US States
More Miscellaneous Quizzes
100 Tiny Logos
Published
Trending Quizzes
Pick 6: Mountains
Pick 6: Harry Potter
Pick 6: NFL Teams
Pick 6: Flags
C Names for Actors
Recently Updated
Adaptations: Name the Title
pecheneg
NWSL Teams
pecheneg
Women's Final Four Teams by Year
bhenderson79
Presidents Quartet II
eogle
Anything But Clue(do)
eogle
Anything But Oceanian Capitals
eogle
Anything But 7
eogle
Anything But Thing
eogle
Word Ladder: February 29
pecheneg
Song Title Questions
pecheneg
Trending Topics
NBA
Crossword
Anime
Kpop
Disney
Marvel
Harry Potter
Soccer
The Office
Song
WWE
Country
Puzzle
NFL
Pokémon
Your Account Isn't Verified!
In order to create a playlist on Sporcle, you need to verify the email address you used during registration. Go to your
Sporcle Settings
to finish the process.
Report this User
Report this user for behavior that violates our
Community Guidelines
.
Details:
Send Report
Go to the Sporcle.com Mobile Site →
Comments